000 00768 a2200241 4500
005 20251119103301.0
008 251119b |||||||| |||| 00| 0 eng d
020 _a9780670096312 (hbk)
037 _cTB
040 _aAL
_cAL
041 _2eng
_aeng
084 _aY592v1 R5
_qAL
100 _aYengde, Suraj Milind
_9848735
245 _aCaste:
_ba global story
260 _aGurugram, India:
_bAn Imprint of Penguin Random House,
_c2025.
300 _aix, 374p.
365 _b899.00
_cINR
650 _aCaste
_9852168
650 _aHistory
_9852169
650 _aSociology
_9852170
942 _cTB
_2CC
_n0
_hY592v1 R5
999 _c1464846
_d1464846